Global Value Chains : What are the Benefits and Why Do Countries Participate? /

Over the last two decades, world trade and production have become increasingly organized around global value chains (GVC). Recent theoretical work has shown that countries can benefit from participation in GVCs through multiple channels. However, little is known empirically about the economic import...

Descripción completa

Detalles Bibliográficos
Autor principal: Raei, Faezeh
Otros Autores: Ignatenko, Anna, Mircheva, Borislava
Formato: Revista
Lenguaje:English
Publicado: Washington, D.C. : International Monetary Fund, 2019.
Colección:IMF Working Papers; Working Paper ; No. 2019/018
Acceso en línea:Full text available on IMF
LEADER 02341cas a2200265 a 4500
001 AALejournalIMF018993
008 230101c9999 xx r poo 0 0eng d
020 |c 5.00 USD 
020 |z 9781484392928 
022 |a 1018-5941 
040 |a BD-DhAAL  |c BD-DhAAL 
100 1 |a Raei, Faezeh. 
245 1 0 |a Global Value Chains :   |b What are the Benefits and Why Do Countries Participate? /  |c Faezeh Raei, Anna Ignatenko, Borislava Mircheva. 
264 1 |a Washington, D.C. :  |b International Monetary Fund,  |c 2019. 
300 |a 1 online resource (31 pages) 
490 1 |a IMF Working Papers 
500 |a <strong>Off-Campus Access:</strong> No User ID or Password Required 
500 |a <strong>On-Campus Access:</strong> No User ID or Password Required 
506 |a Electronic access restricted to authorized BRAC University faculty, staff and students 
520 3 |a Over the last two decades, world trade and production have become increasingly organized around global value chains (GVC). Recent theoretical work has shown that countries can benefit from participation in GVCs through multiple channels. However, little is known empirically about the economic importance of supply chains. We use the Eora MRIO database to compute different measures of GVC participation for 189 countries and illustrate global patterns of supply chains as well as their evolution over time in order to contribute to this topic. We find that GVC-related trade, rather than conventional trade, has a positive impact on income per capita and productivity, however there is large heterogeneity and the gains appear more signifcant for upper-middle and high-income countries. We document that 'moving up' to more high-tech sectors while participating in major supply chains does take place but is not universal, suggesting other factors matter. We confirm the findings of the standard gravity literature for GVC trade; highlighting the key role of institutional features such as contract enforcement and the quality of infrastructure as determinants of GVC participation. 
538 |a Mode of access: Internet 
700 1 |a Ignatenko, Anna. 
700 1 |a Mircheva, Borislava. 
830 0 |a IMF Working Papers; Working Paper ;  |v No. 2019/018 
856 4 0 |z Full text available on IMF  |u http://elibrary.imf.org/view/journals/001/2019/018/001.2019.issue-018-en.xml  |z IMF e-Library